Coverley papers from the spectator (Record no. 4297)
[ view plain ]
| 000 -LEADER | |
|---|---|
| fixed length control field | 00477cam a2200181ua 4500 |
| 008 - FIXED-LENGTH DATA ELEMENTS--GENERAL INFORMATION | |
| fixed length control field | 120812n ii |||gr||||Z||||||eng |
| 040 ## - CATALOGING SOURCE | |
| Transcribing agency | MAIN |
| 082 ## - DEWEY DECIMAL CLASSIFICATION NUMBER | |
| Classification number | 824 |
| 100 ## - MAIN ENTRY--PERSONAL NAME | |
| Personal name | Addison and Steele, |
| Relator term | |
| 245 11 - TITLE STATEMENT | |
| Title | Coverley papers from the spectator |
| Statement of responsibility, etc. | by Addison and Steele |
| 250 ## - EDITION STATEMENT | |
| Edition statement | 5th. |
| 260 ## - PUBLICATION, DISTRIBUTION, ETC. | |
| Place of publication, distribution, etc. | bareilly: |
| Name of publisher, distributor, etc. | Prakash book depot., |
| Date of publication, distribution, etc. | 1997. |
| 300 ## - PHYSICAL DESCRIPTION | |
| Extent | 339p: |
| Dimensions | 23cm. |
| 700 ## - ADDED ENTRY--PERSONAL NAME | |
| Personal name | Agarwal, S. C., |
| Relator term | |
| 942 ## - ADDED ENTRY ELEMENTS (KOHA) | |
| Koha item type | Books |
| 653 ## - INDEX TERM--UNCONTROLLED | |
| Uncontrolled term | English essays |
| Withdrawn status | Lost status | Damaged status | Not for loan | Home library | Current library | Shelving location | Date acquired | Total Checkouts | Full call number | Barcode | Date last seen | Copy number | Price effective from | Koha item type |
|---|---|---|---|---|---|---|---|---|---|---|---|---|---|---|
| Central Library, Naharkatiya College | Central Library, Naharkatiya College | General Stacks | 19/09/2020 | 824 | ADD | 4941 | 19/09/2020 | 2 | 19/09/2020 | Books | |||||
| Central Library, Naharkatiya College | Central Library, Naharkatiya College | General Stacks | 19/09/2020 | 824 | ADD | 5203 | 19/09/2020 | 1 | 19/09/2020 | Books |
